<?xml version="1.0" encoding="UTF-8"?>
<record
    xmlns:xsi="http://www.w3.org/2001/XMLSchema-instance"
    xsi:schemaLocation="http://www.loc.gov/MARC21/slim http://www.loc.gov/standards/marcxml/schema/MARC21slim.xsd"
    xmlns="http://www.loc.gov/MARC21/slim">

  <leader>06058nab a22010337  4500</leader>
  <controlfield tag="003">AR-RoUNA</controlfield>
  <datafield tag="022" ind1=" " ind2=" ">
    <subfield code="a">0327-9022</subfield>
  </datafield>
  <datafield tag="040" ind1=" " ind2=" ">
    <subfield code="a">AR-RoUNA</subfield>
    <subfield code="b">spa</subfield>
  </datafield>
  <datafield tag="041" ind1=" " ind2=" ">
    <subfield code="a">spa</subfield>
  </datafield>
  <datafield tag="044" ind1=" " ind2=" ">
    <subfield code="a">ag</subfield>
  </datafield>
  <datafield tag="245" ind1=" " ind2=" ">
    <subfield code="a">Summa+ /</subfield>
    <subfield code="b">Densidad Residencial</subfield>
  </datafield>
  <datafield tag="260" ind1=" " ind2=" ">
    <subfield code="a">Buenos Aires (Argentina):</subfield>
    <subfield code="c">Donn SA,</subfield>
    <subfield code="b">1993.</subfield>
  </datafield>
  <datafield tag="300" ind1=" " ind2=" ">
    <subfield code="a">144 p. :</subfield>
    <subfield code="b">il. byn.</subfield>
    <subfield code="b">planos</subfield>
    <subfield code="c">34X25 cm.</subfield>
  </datafield>
  <datafield tag="505" ind1="0" ind2=" ">
    <subfield code="t">INDICE</subfield>
  </datafield>
  <datafield tag="505" ind1="0" ind2=" ">
    <subfield code="a">Fernando Diez / Densidad Residencial e Identidad Urbana. p. 1</subfield>
  </datafield>
  <datafield tag="505" ind1="0" ind2=" ">
    <subfield code="t">CARTELERA</subfield>
  </datafield>
  <datafield tag="505" ind1="0" ind2=" ">
    <subfield code="t">MEDIANERAS MEDIANTE</subfield>
  </datafield>
  <datafield tag="505" ind1="0" ind2=" ">
    <subfield code="a">Mart&#xED;n Di Peco / &#xBF;Cuanta convivencia entra en tu lote?. p. 8</subfield>
  </datafield>
  <datafield tag="505" ind1="0" ind2=" ">
    <subfield code="t">LO JUSTO Y NECESARIO</subfield>
  </datafield>
  <datafield tag="505" ind1="0" ind2=" ">
    <subfield code="a">Pablo H&#xE9;ctor Ferreiro, Saturnino Armendares, Joaqu&#xED;n Ignacio Leunda, Andr&#xE9;s G&#xF3;mez Mu&#xF1;oz, Roberto F&#xE9;liz Dufrechou / Vivienda Colectiva Pasaje Cabrer, Pasaje Cabrer 4986, Ciudad Aut&#xF3;noma de Buenos Aires, Argentina, 2012. p. 10</subfield>
  </datafield>
  <datafield tag="505" ind1="0" ind2=" ">
    <subfield code="t">AMPLIANDO EL L&#xCD;MITE</subfield>
  </datafield>
  <datafield tag="505" ind1="0" ind2=" ">
    <subfield code="a">Ana Smud /  Pasaje Russel / Palermo, Ciudad Aut&#xF3;noma de Buenos Aires, Argentina, 2013. p. 16</subfield>
  </datafield>
  <datafield tag="505" ind1="0" ind2=" ">
    <subfield code="t">ENTRELAZADOS</subfield>
  </datafield>
  <datafield tag="505" ind1="0" ind2=" ">
    <subfield code="a">HM -  Fernando Hitzig &amp; Leonardo G. Militello / Dos Casas Conde, Ciudad Aut&#xF3;noma de Buenos Aires, 2012. p. 22</subfield>
  </datafield>
  <datafield tag="505" ind1="0" ind2=" ">
    <subfield code="t">ESTRUCTURA SUCESIVA</subfield>
  </datafield>
  <datafield tag="505" ind1="0" ind2=" ">
    <subfield code="a">Daniel Ventura - Andr&#xE9;s Virzi / Edificio Giribone, Giribone 663, Ciudad Aut&#xF3;noma de Buenos Aires, Argentina, 2013. p. 28</subfield>
  </datafield>
  <datafield tag="505" ind1="0" ind2=" ">
    <subfield code="t">COMPACTO Y PASANTE</subfield>
  </datafield>
  <datafield tag="505" ind1="0" ind2=" ">
    <subfield code="a">Baag / Calasanz 724, Ciudad Aut&#xF3;noma de Buenos Aires, Argentina, 2013. p. 36</subfield>
  </datafield>
  <datafield tag="505" ind1="0" ind2=" ">
    <subfield code="t">BANDEJAS DESLIZANTES</subfield>
  </datafield>
  <datafield tag="505" ind1="0" ind2=" ">
    <subfield code="a">MMCV - Pedro Mor&#xE1;n 3875 / Pedro Mor&#xE1;n 3875, Villa Devoto, Ciudad Aut&#xF3;noma de Buenos Aires, Argentina, 2014. p. 40</subfield>
  </datafield>
  <datafield tag="505" ind1="0" ind2=" ">
    <subfield code="t">SOMBREADO DE HORMIG&#xD3;N </subfield>
  </datafield>
  <datafield tag="505" ind1="0" ind2=" ">
    <subfield code="a">Proyecto C - Sebasti&#xE1;n Cseh y Juan Cruz Catania / Anchorena, Anchorena 777, La Lucila, Partido de Vicente L&#xF3;pez, Provincia de Buenos Aires, Argentina, 2012. p. 46</subfield>
  </datafield>
  <datafield tag="505" ind1="0" ind2=" ">
    <subfield code="t">ARQUITECTURA FRONTERIZA / Constanza Chiozza. p. 52</subfield>
  </datafield>
  <datafield tag="505" ind1="0" ind2=" ">
    <subfield code="t">HABITAR DETR&#xC1;S DE LA PANTALLA</subfield>
  </datafield>
  <datafield tag="505" ind1="0" ind2=" ">
    <subfield code="a">OBBA (Sojung Lee &amp; Sangjoon Kwak) / Beyond The Screen. p. 54</subfield>
  </datafield>
  <datafield tag="505" ind1="0" ind2=" ">
    <subfield code="t">PLIEGUES HORADADOS</subfield>
  </datafield>
  <datafield tag="505" ind1="0" ind2=" ">
    <subfield code="a">Studio MK27 - Marcio Kogan + Carolina Castroviejo / Edificio Vertical Itaim, San Pablo, Brasil, 2014. p. 60</subfield>
  </datafield>
  <datafield tag="505" ind1="0" ind2=" ">
    <subfield code="t">UNA TRAMA QUE ESTRUCTURA</subfield>
  </datafield>
  <datafield tag="505" ind1="0" ind2=" ">
    <subfield code="a">Juan Miceli - Jacinto Chiclana / Moreno, Provincia de Buenos Aires, Argentina, 2015. p.66</subfield>
  </datafield>
  <datafield tag="505" ind1="0" ind2=" ">
    <subfield code="t">APARTADOS EN COMUNIDAD, In&#xE9;s Molinari. p. 72</subfield>
  </datafield>
  <datafield tag="505" ind1="0" ind2=" ">
    <subfield code="t">VARIEDAD E IDENTIDAD</subfield>
  </datafield>
  <datafield tag="505" ind1="0" ind2=" ">
    <subfield code="a">Chauriye St&#xE4;ger / Condominio San Dami&#xE1;n, Camino San Francisco de As&#xED;s, Las Condes, Chile, 2014. p. 74</subfield>
  </datafield>
  <datafield tag="505" ind1="0" ind2=" ">
    <subfield code="t">DESAFIAR LO UNIFORME</subfield>
  </datafield>
  <datafield tag="505" ind1="0" ind2=" ">
    <subfield code="a">Rojo / Fern&#xE1;ndez-Shaw / Concurso 72 Viviendas P&#xFA;blicas VPO en Ciudad Real, Calle Gregorio Mara&#xF1;on, Ciudad Real, Gicaman, Junta de Comunicaciones de Castilla La Mancha, Espa&#xF1;a, 2009. p. 78</subfield>
  </datafield>
  <datafield tag="505" ind1="0" ind2=" ">
    <subfield code="t">CIUDAD EN CONCRETO</subfield>
  </datafield>
  <datafield tag="505" ind1="0" ind2=" ">
    <subfield code="a">Eduardo Souto de Moura - Adriano Pimenta / 27 Vivienda en Sete Ciudades, Laguna de las Setes Ciudades, San Miguel, Azores, Portugal, 2014. p. 82</subfield>
  </datafield>
  <datafield tag="505" ind1="0" ind2=" ">
    <subfield code="t">ZIGZAG ENTRE LOS &#xC1;RBOLES</subfield>
  </datafield>
  <datafield tag="505" ind1="0" ind2=" ">
    <subfield code="a">Tectum Arqs. y Desarrollos / Condominio en Villa Allende, Av. Argentina 1383, Villa Allende, C&#xF3;rdoba, Argentina, 2012. p. 88</subfield>
  </datafield>
  <datafield tag="505" ind1="0" ind2=" ">
    <subfield code="t">COLECTIVO TRANSITORIO, Constanza Chiozza. p. 92</subfield>
  </datafield>
  <datafield tag="505" ind1="0" ind2=" ">
    <subfield code="t">Arquitectura para jugar</subfield>
  </datafield>
  <datafield tag="505" ind1="0" ind2=" ">
    <subfield code="a">Aldo Van Eyck / Orfanato, &#xC1;msterdam, Pa&#xED;ses Bajos, 1960. p. 94</subfield>
  </datafield>
  <datafield tag="505" ind1="0" ind2=" ">
    <subfield code="t">Casas Con-Figuradas</subfield>
  </datafield>
  <datafield tag="505" ind1="0" ind2=" ">
    <subfield code="a">Cebra / Children&#xB4;s Home of The Future, Strandg&#xE4;rds Alle, Kerteminde, Dinarmarca, 2014. p. 95</subfield>
  </datafield>
  <datafield tag="505" ind1="0" ind2=" ">
    <subfield code="t">Estudiar en compa&#xF1;ia</subfield>
  </datafield>
  <datafield tag="505" ind1="0" ind2=" ">
    <subfield code="a">Alison &amp; Peter Smithson / ST Hilda&#xB4;s Garden Building, Oxford, Reino Unido, 1970. p. 96</subfield>
  </datafield>
  <datafield tag="505" ind1="0" ind2=" ">
    <subfield code="t">Pasar el tiempo entre containers</subfield>
  </datafield>
  <datafield tag="505" ind1="0" ind2=" ">
    <subfield code="a">Holzer Kobler / EBA 51, Berl&#xED;n, Alemania, 2014. p. 97</subfield>
  </datafield>
  <datafield tag="505" ind1="0" ind2=" ">
    <subfield code="t">La comuna de los abuelos</subfield>
  </datafield>
  <datafield tag="505" ind1="0" ind2=" ">
    <subfield code="a">Venturi, Scott Brown and associates, inc / Guild House ( Casa del Gremio), Filadelfia, PA, Estados Unidos, 1964. p. 98</subfield>
  </datafield>
  <datafield tag="505" ind1="0" ind2=" ">
    <subfield code="t">Blanquecina y Pulcra volumetr&#xED;a topogr&#xE1;fica</subfield>
  </datafield>
  <datafield tag="505" ind1="0" ind2=" ">
    <subfield code="a">Aires - Mateus / Casas para personas mayores en Alc&#xE1;cer Do Sal, Portugal, 2010. p. 99</subfield>
  </datafield>
  <datafield tag="505" ind1="0" ind2=" ">
    <subfield code="t">VIVIENDA CENITAL, Oscar Linares de la Torre. p. 100</subfield>
  </datafield>
  <datafield tag="505" ind1="0" ind2=" ">
    <subfield code="a">Jes&#xFA;s Mar&#xED;a Aparicio Guisado / Vivienda en Santa Marta de Tormes, Santa Maria de Tormes, Salamanca, Espa&#xF1;a, 1998. p. 103</subfield>
  </datafield>
  <datafield tag="505" ind1="0" ind2=" ">
    <subfield code="a">Alfredo Pay&#xE1; Benedito / Vivienda en Sant Vicent, Av. de Barcelona 2, Saint Vicent del Raspeig, Alicante, Espa&#xF1;a, 2012. p. 105</subfield>
  </datafield>
  <datafield tag="505" ind1="0" ind2=" ">
    <subfield code="t">UN LEGADO VIGENTE: HOMENAJE A LE CORBUSIER (1887-1965), Alejandro Lapunzina. p. 106</subfield>
  </datafield>
  <datafield tag="505" ind1="0" ind2=" ">
    <subfield code="t">VX BIENAL INTERNACIONAL DE ARQUIETCURA DE BUENOS AIRES BA15</subfield>
  </datafield>
  <datafield tag="505" ind1="0" ind2=" ">
    <subfield code="t">ECOS DEL MONA</subfield>
  </datafield>
  <datafield tag="505" ind1="0" ind2=" ">
    <subfield code="t">GEHL EN LA BIENAL, Pablo G&#xFC;iraldes. p. 121</subfield>
  </datafield>
  <datafield tag="505" ind1="0" ind2=" ">
    <subfield code="t">PREMIOS</subfield>
  </datafield>
  <datafield tag="505" ind1="0" ind2=" ">
    <subfield code="t">EXPANDIENDO LA BIENAL, Valeria Matayoshi. p. 124</subfield>
  </datafield>
  <datafield tag="505" ind1="0" ind2=" ">
    <subfield code="t">JUSTICIA ESPACIAL</subfield>
  </datafield>
  <datafield tag="505" ind1="0" ind2=" ">
    <subfield code="t">C&#xE9;sar Naselli (1933-2015)</subfield>
  </datafield>
  <datafield tag="505" ind1="0" ind2=" ">
    <subfield code="t">RAFAEL IGLESIA (1952-2015)</subfield>
  </datafield>
  <datafield tag="505" ind1="0" ind2=" ">
    <subfield code="t">LA MENTE Y LA MANO. MEMORIAS DE RAFAEL, Ana Mar&#xED;a Rigotti. p. 131</subfield>
  </datafield>
  <datafield tag="505" ind1="0" ind2=" ">
    <subfield code="t">PENSAR LA DISCIPLINA DESDE LA DISCIPLINA / Entusiasmo e introspecci&#xF3;n, Constanza Chiozza y Mart&#xED;n Di Peco. p. 133</subfield>
  </datafield>
  <datafield tag="505" ind1="0" ind2=" ">
    <subfield code="t">COLECTIVO ARQUI-ART&#xCD;STICOS, Constanza Chiozza. p. 134</subfield>
  </datafield>
  <datafield tag="505" ind1="0" ind2=" ">
    <subfield code="t">ARQUITECTURA Y JARDINES DE UN ED&#xC9;N FINISTERRE, Ruth Verde Zein. p. 138</subfield>
  </datafield>
  <datafield tag="505" ind1="0" ind2=" ">
    <subfield code="t">LAS HUELLAS DE LA LUZ, Rafael E.J. Iglesia. p. 140</subfield>
  </datafield>
  <datafield tag="505" ind1="0" ind2=" ">
    <subfield code="t">LA MOMIA DE POE / Por los 4 de Egipto: Horacio Caride Bartrons, David Dal Castello, Rita Molinos, Mario Sabugo. p. 141</subfield>
  </datafield>
  <datafield tag="505" ind1="0" ind2=" ">
    <subfield code="t">TEOTIHUC&#xC1;N, CIUDAD DE LOS DIOSES EN PAPEL, Ignacio Ros de Olano. p. 142</subfield>
  </datafield>
  <datafield tag="505" ind1="0" ind2=" ">
    <subfield code="t">MODERNO AL SUR (II). Grigori Warchavchik, Roberto Fern&#xE1;ndez. p. 143</subfield>
  </datafield>
  <datafield tag="505" ind1="0" ind2=" ">
    <subfield code="t">QUIERO UN RENDER: De la realidad a la ficci&#xF3;n, Florencia C. Bellano</subfield>
  </datafield>
  <datafield tag="650" ind1=" " ind2=" ">
    <subfield code="2">Arquitectura contepor&#xE1;nea</subfield>
  </datafield>
  <datafield tag="773" ind1="0" ind2=" ">
    <subfield code="a">Summa+</subfield>
    <subfield code="d">Buenos Aires, Argentina</subfield>
    <subfield code="g">N&#xBA;148 (feb, 2015), p. 144</subfield>
    <subfield code="x">0327-9022</subfield>
  </datafield>
  <datafield tag="908" ind1=" " ind2=" ">
    <subfield code="a">Imp</subfield>
  </datafield>
  <datafield tag="942" ind1=" " ind2=" ">
    <subfield code="2">udc</subfield>
    <subfield code="c">ART</subfield>
  </datafield>
  <datafield tag="945" ind1=" " ind2=" ">
    <subfield code="d">2022-07-08</subfield>
  </datafield>
  <datafield tag="980" ind1=" " ind2=" ">
    <subfield code="6">138</subfield>
    <subfield code="a">Carolina Rainero</subfield>
    <subfield code="8">138</subfield>
    <subfield code="g">Carolina Rainero</subfield>
  </datafield>
  <datafield tag="999" ind1=" " ind2=" ">
    <subfield code="c">12302</subfield>
    <subfield code="d">12302</subfield>
  </datafield>
  <datafield tag="952" ind1=" " ind2=" ">
    <subfield code="0">0</subfield>
    <subfield code="1">0</subfield>
    <subfield code="2">udc</subfield>
    <subfield code="4">0</subfield>
    <subfield code="7">0</subfield>
    <subfield code="a">AR-RoUNA</subfield>
    <subfield code="b">AR-RoUNA</subfield>
    <subfield code="d">2025-12-09</subfield>
    <subfield code="l">0</subfield>
    <subfield code="p">1002891</subfield>
    <subfield code="r">2025-12-09</subfield>
    <subfield code="w">2025-12-09</subfield>
    <subfield code="y">ART</subfield>
    <subfield code="k"></subfield>
    <subfield code="x"></subfield>
  </datafield>
</record>
